<?xml version="1.0" encoding="UTF-8"?><?xml-stylesheet type="text/xsl" href="static/style.xsl"?><OAI-PMH xmlns="http://www.openarchives.org/OAI/2.0/" xmlns:xsi="http://www.w3.org/2001/XMLSchema-instance" xsi:schemaLocation="http://www.openarchives.org/OAI/2.0/ http://www.openarchives.org/OAI/2.0/OAI-PMH.xsd"><responseDate>2026-04-17T13:51:33Z</responseDate><request verb="GetRecord" identifier="oai:riubu.ubu.es:10259/10352" metadataPrefix="marc">https://riubu.ubu.es/oai/request</request><GetRecord><record><header><identifier>oai:riubu.ubu.es:10259/10352</identifier><datestamp>2025-03-20T01:05:31Z</datestamp><setSpec>com_10259_8005</setSpec><setSpec>com_10259_5086</setSpec><setSpec>com_10259_2604</setSpec><setSpec>col_10259_8006</setSpec></header><metadata><record xmlns="http://www.loc.gov/MARC21/slim" xmlns:doc="http://www.lyncode.com/xoai" xmlns:xsi="http://www.w3.org/2001/XMLSchema-instance" xmlns:dcterms="http://purl.org/dc/terms/" xsi:schemaLocation="http://www.loc.gov/MARC21/slim http://www.loc.gov/standards/marcxml/schema/MARC21slim.xsd">
<leader>00925njm 22002777a 4500</leader>
<datafield tag="042" ind1=" " ind2=" ">
<subfield code="a">dc</subfield>
</datafield>
<datafield tag="720" ind1=" " ind2=" ">
<subfield code="a">Méndez Juez, Marta</subfield>
<subfield code="e">author</subfield>
</datafield>
<datafield tag="260" ind1=" " ind2=" ">
<subfield code="c">2014-09</subfield>
</datafield>
<datafield tag="520" ind1=" " ind2=" ">
<subfield code="a">Uno de los objetivos estratégicos presentes en la mayoría de los procesos de modernización pública que se están llevando a cabo en los Estados de&#xd;
Bienestar es conseguir la excelencia en la prestación de los servicios públicos. Dicho objetivo implica y legitima tanto a las instituciones administrativas como a las instituciones políticas, pues resulta imprescindible, a tal fin, compaginar técnica y estrategia, medios y objetivos, capacidad y&#xd;
voluntad. Hablamos de vincular Buena Administración y Buen Gobierno a&#xd;
la práctica de las instituciones. Los Grupos de Mejora cumplen con esta finalidad, añadiendo el componente democrático a la gestión de la calidad&#xd;
de los servicios públicos y haciendo que los ciudadanos sean, además de los usuarios, los propietarios de éstos. En España, Castilla y León es pionera en la regulación e implantación de este tipo de Grupos.</subfield>
</datafield>
<datafield tag="520" ind1=" " ind2=" ">
<subfield code="a">One of strategic objectives present in most public modernization processes that are taking place in Welfare States is to achieve excellence public services provision. This objective involves and legitimates administrative and&#xd;
political institutions, as it is essential to combine technique and strategy, means and goals, ability and willingness. We are talking about linking Good Management and Good Governance at institutional practice. Improvement Groups meet this purpose, adding the democratic component to&#xd;
the quality public management services and making citizens, besides users, owners thereof. In Spain, Castilla y Leon is a pioneer in the regulation and implementation of this type of Groups.</subfield>
</datafield>
<datafield tag="024" ind2=" " ind1="8">
<subfield code="a">2254-3805</subfield>
</datafield>
<datafield tag="024" ind2=" " ind1="8">
<subfield code="a">http://hdl.handle.net/10259/10352</subfield>
</datafield>
<datafield ind1=" " ind2=" " tag="653">
<subfield code="a">Modernización</subfield>
</datafield>
<datafield ind1=" " ind2=" " tag="653">
<subfield code="a">Gestión pública</subfield>
</datafield>
<datafield ind1=" " ind2=" " tag="653">
<subfield code="a">Excelencia</subfield>
</datafield>
<datafield ind1=" " ind2=" " tag="653">
<subfield code="a">Servicio público</subfield>
</datafield>
<datafield ind1=" " ind2=" " tag="653">
<subfield code="a">Participación</subfield>
</datafield>
<datafield ind1=" " ind2=" " tag="653">
<subfield code="a">Aprendizaje</subfield>
</datafield>
<datafield ind1=" " ind2=" " tag="653">
<subfield code="a">Buen gobierno</subfield>
</datafield>
<datafield ind1=" " ind2=" " tag="653">
<subfield code="a">Buena administración</subfield>
</datafield>
<datafield ind1=" " ind2=" " tag="653">
<subfield code="a">Modernization</subfield>
</datafield>
<datafield ind1=" " ind2=" " tag="653">
<subfield code="a">Public management</subfield>
</datafield>
<datafield ind1=" " ind2=" " tag="653">
<subfield code="a">Excellence</subfield>
</datafield>
<datafield ind1=" " ind2=" " tag="653">
<subfield code="a">Public services</subfield>
</datafield>
<datafield ind1=" " ind2=" " tag="653">
<subfield code="a">Participation</subfield>
</datafield>
<datafield ind1=" " ind2=" " tag="653">
<subfield code="a">Learning</subfield>
</datafield>
<datafield ind1=" " ind2=" " tag="653">
<subfield code="a">Good governance</subfield>
</datafield>
<datafield ind1=" " ind2=" " tag="653">
<subfield code="a">Good management</subfield>
</datafield>
<datafield tag="245" ind1="0" ind2="0">
<subfield code="a">Un camino hacia la excelencia en la prestación del servicio público autonómicolos grupos de mejora de la Administración de la Comunidad de Castilla y León</subfield>
</datafield>
</record></metadata></record></GetRecord></OAI-PMH>